[Event "XI Open A Primavera"]
[Site "Robecchetto con Induno ITA"]
[Date "2014.05.22"]
[Round "6"]
[White "Rossi, Emanuele"]
[Black "De Paoli, Nicola"]
[WhiteElo "1630"]
[BlackElo "1386"]
[Result "1-0"]
[PlyCount "71"]
[EventDate "2014.04.10"]

1. e4 c5 2. d4 cxd4 3. c3 dxc3 4. Nxc3 Nc6 5. Bc4 e6 6. Nf3 a6 7. O-O Bc5 8.
Bg5 f6 9. Bh4 b5 10. Bb3 Bb7 11. e5 Be7 12. Ne4 Nxe5 13. Nxe5 Bxe4 14. Nd3 Nh6
15. Re1 d5 16. Nf4 Bf5 17. Nxe6 Bxe6 18. Rxe6 Nf5 19. Bg3 Nxg3 20. hxg3 d4 21.
Qd2 Qd7 22. Rae1 Ra7 23. Rxe7+ Qxe7 24. Rxe7+ Rxe7 25. Qxd4 Rd7 26. Qe4+ Kf8
27. Qa8+ Ke7 28. Qxh8 Rd2 29. Qxg7+ Ke8 30. Qf7+ Kd8 31. Qxf6+ Kc8 32. Qxa6+
Kd8 33. Qxb5 Rxb2 34. Qb6+ Ke8 35. Bf7+ Kxf7 36. Qxb2 1-0

[Event "XI Open A Primavera"]
[Site "Robecchetto con Induno ITA"]
[Date "2014.05.22"]
[Round "6"]
[White "Santarelli, Sabatino"]
[Black "Torretta, Gilberto"]
[WhiteElo "1652"]
[BlackElo "1651"]
[Result "0-1"]
[PlyCount "68"]
[EventDate "2014.04.10"]

1. Nf3 g6 2. g3 Bg7 3. Bg2 c5 4. c3 d5 5. d4 c4 6. O-O Nf6 7. Nbd2 Bf5 8. Nh4
Bg4 9. h3 Be6 10. Re1 Qd7 11. Kh2 h5 12. e4 g5 13. Nhf3 g4 14. Ng5 gxh3 15.
Nxe6 Ng4+ 16. Kg1 h2+ 17. Kf1 fxe6 18. exd5 exd5 19. Nf3 Nc6 20. Bf4 Bf6 21.
Qe2 h4 22. Qe6 hxg3 23. Qxd7+ Kxd7 24. Bh1 gxf2 25. Re2 Rag8 26. Be5 Ncxe5 27.
dxe5 Bxe5 28. Rd1 Kd6 29. Rxf2 Ne3+ 30. Ke2 Nxd1 31. Kxd1 Rg1+ 32. Ke2 Rxh1 33.
Rg2 Rb1 34. Rg6+ e6 0-1

[Event "XI Open A Primavera"]
[Site "Robecchetto con Induno ITA"]
[Date "2014.05.22"]
[Round "6"]
[White "Serrao, Piergiorgio"]
[Black "Pappalardo, Antonio"]
[WhiteElo "1605"]
[BlackElo "1783"]
[Result "1/2-1/2"]
[PlyCount "42"]
[EventDate "2014.04.10"]

1. d4 d5 2. c4 dxc4 3. Nf3 Nf6 4. e3 a6 5. Bxc4 e6 6. O-O c5 7. Qe2 b5 8. Bb3
Bb7 9. Rd1 Qb6 10. dxc5 Bxc5 11. Nc3 O-O 12. Bc2 Nc6 13. Ne4 Nxe4 14. Bxe4 Be7
15. b3 Bf6 16. Bb2 Bxb2 17. Qxb2 Ne7 18. Bxb7 Qxb7 19. Qd4 Ng6 20. Qd7 Qb8 21.
Qd6 Rd8 1/2-1/2

[Event "XI Open A Primavera"]
[Site "Robecchetto con Induno ITA"]
[Date "2014.05.22"]
[Round "6"]
[White "Testa, Loris"]
[Black "Barrera, Pietro"]
[WhiteElo "1930"]
[BlackElo "1925"]
[Result "0-1"]
[PlyCount "44"]
[EventDate "2014.04.10"]

1. e4 c5 2. c3 Nf6 3. Bd3 Nc6 4. Nf3 d6 5. h3 g6 6. O-O Bg7 7. Bc2 Bd7 8. a3
Qc7 9. d4 cxd4 10. cxd4 a6 11. Nc3 O-O 12. Bg5 Rfe8 13. Bxf6 exf6 14. Nd5 Qd8
15. Rc1 Rc8 16. Qd2 Ne7 17. Nxe7+ Rxe7 18. Qb4 Bb5 19. Rfe1 Bh6 20. Nd2 Rec7
21. a4 Rxc2 22. Rxc2 Rxc2 0-1

[Event "XI Open A Primavera"]
[Site "Robecchetto con Induno ITA"]
[Date "2014.05.22"]
[Round "6"]
[White "Virgilio, Gianluca"]
[Black "Cervini, Gian Piero"]
[WhiteElo "1787"]
[BlackElo "1806"]
[Result "1-0"]
[PlyCount "81"]
[EventDate "2014.04.10"]

1. d4 Nf6 2. Nf3 g6 3. Nbd2 Bg7 4. e4 d6 5. Bd3 O-O 6. O-O Nc6 7. c3 e5 8. dxe5
dxe5 9. Qc2 Be6 10. Nc4 Nd7 11. Ng5 Re8 12. a4 Nc5 13. Be2 Bd7 14. Be3 Ne6 15.
Nxe6 Bxe6 16. Rfd1 Qh4 17. b4 f5 18. f3 f4 19. Bf2 Qf6 20. b5 Ne7 21. Rd2 g5
22. Nxe5 Ng6 23. Nd7 Qxc3 24. Rc1 Qxc2 25. Rcxc2 Bb3 26. Rxc7 Rad8 27. Rxb7 Ne5
28. Rxa7 Be6 29. Bb6 Rxd7 30. Raxd7 Nxd7 31. Bc7 Nc5 32. a5 Nb3 33. Rd8 Bd4+
34. Kf1 Kf7 35. a6 Bc8 36. Bc4+ Be6 37. Bxb3 Rxd8 38. Bxe6+ Kxe6 39. Bxd8 h6
40. b6 Kd7 41. a7 1-0

[Event "XI Open A Primavera"]
[Site "Robecchetto con Induno ITA"]
[Date "2014.05.29"]
[Round "7"]
[White "Barrera, Pietro"]
[Black "Griffini, Andrea"]
[WhiteElo "1925"]
[BlackElo "1797"]
[Result "1/2-1/2"]
[PlyCount "46"]
[EventDate "2014.04.10"]

1. d4 d5 2. Nf3 g6 3. c3 Bg7 4. Bf4 Nf6 5. e3 Nbd7 6. Be2 O-O 7. Nfd2 Re8 8.
Na3 e5 9. dxe5 Nxe5 10. O-O c6 11. Nf3 Nfg4 12. h3 Nxf3+ 13. Bxf3 Ne5 14. Be2
Bf5 15. Qd2 Qc8 16. Kh2 b5 17. Nc2 Bd7 18. Nd4 a6 19. Rad1 f5 20. Nf3 Nxf3+ 21.
Bxf3 Qd8 22. Bg3 h5 23. Kg1 Be6 1/2-1/2

[Event "XI Open A Primavera"]
[Site "Robecchetto con Induno ITA"]
[Date "2014.05.29"]
[Round "7"]
[White "Cervini, Gian Piero"]
[Black "Serrao, Piergiorgio"]
[WhiteElo "1806"]
[BlackElo "1605"]
[Result "1/2-1/2"]
[PlyCount "90"]
[EventDate "2014.04.10"]

1. e4 e6 2. d4 d5 3. Nc3 Nf6 4. e5 Nfd7 5. f4 c5 6. Nf3 Nc6 7. Be3 cxd4 8. Nxd4
Bc5 9. Qd2 a6 10. h4 Qc7 11. g4 Bxd4 12. Bxd4 Nxd4 13. Qxd4 Qb6 14. O-O-O Qxd4
15. Rxd4 b6 16. Bg2 Bb7 17. Re1 O-O 18. f5 Rac8 19. Ne4 Rc4 20. Rxc4 dxc4 21.
Nf6+ gxf6 22. Bxb7 Nxe5 23. fxe6 fxe6 24. g5 Kf7 25. gxf6 Kxf6 26. Rf1+ Ke7 27.
Rxf8 Kxf8 28. Bxa6 Ke7 29. h5 h6 30. Kd2 Kd6 31. Ke3 Ng4+ 32. Kd4 Nf6 33. Bxc4
Nxh5 34. b4 Ng3 35. Ke3 h5 36. Kf3 h4 37. Kg4 Nf5 38. Bd3 Ke5 39. a4 Kd4 40. a5
bxa5 41. bxa5 Kc5 42. Bxf5 exf5+ 43. Kxh4 Kb5 44. Kg5 Kxa5 45. c3 Kb5 1/2-1/2

[Event "XI Open A Primavera"]
[Site "Robecchetto con Induno ITA"]
[Date "2014.05.28"]
[Round "7"]
[White "De Regibus, Giuseppe"]
[Black "Rossi, Emanuele"]
[WhiteElo "1620"]
[BlackElo "1630"]
[Result "0-1"]
[PlyCount "116"]
[EventDate "2014.04.10"]

1. d4 c5 2. d5 Nf6 3. c4 d6 4. Nc3 e5 5. e4 Be7 6. Be2 Bd7 7. Be3 Qc8 8. h3 Na6
9. Nf3 O-O 10. Nd2 Nc7 11. g4 a6 12. a4 h6 13. g5 hxg5 14. Bxg5 Bxh3 15. Nf3
Nce8 16. Ng1 Bg2 17. Rh4 Qd8 18. Bf3 Bxf3 19. Qxf3 Nh7 20. Bxe7 Qxe7 21. Qh5
Nef6 22. Qf3 g5 23. Rh2 g4 24. Qg3 Kh8 25. O-O-O b5 26. cxb5 axb5 27. axb5 Ra1+
28. Nb1 Rg8 29. Qe3 Rga8 30. Ne2 R8a4 31. Nec3 Rd4 32. Rdh1 Kg8 33. Qh6 Qf8 34.
Qe3 Qg7 35. Rg2 c4 36. Qe2 Rd3 37. Rhg1 Qg5+ 38. Kc2 Kf8 39. b6 Ra8 40. Na3 Rd4
41. Nab5 Rd3 42. b7 Rb8 43. Nxd6 Kg7 44. Nxc4 Rxc3+ 45. Kxc3 Rxb7 46. b4 Qf4
47. Nd2 Ng5 48. Rg3 Ngxe4+ 49. Nxe4 Nxe4+ 50. Kb3 Nxg3 51. Rxg3 Qxb4+ 52. Kc2
Qb2+ 53. Kd1 Qb1+ 54. Kd2 Rb2+ 55. Ke3 Rxe2+ 56. Kxe2 Qc2+ 57. Ke3 f5 58. Rg1
f4# 0-1

[Event "XI Open A Primavera"]
[Site "Robecchetto con Induno ITA"]
[Date "2014.05.29"]
[Round "7"]
[White "Libutti, Michele"]
[Black "Novi', Giuseppe"]
[WhiteElo "1745"]
[BlackElo "1802"]
[Result "0-1"]
[PlyCount "100"]
[EventDate "2014.04.10"]

1. d4 Nf6 2. c4 g6 3. Nc3 Bg7 4. e4 d6 5. Nf3 O-O 6. Be2 Nbd7 7. O-O a6 8. Bg5
Qe8 9. Qd2 e5 10. d5 Nc5 11. Qc2 Nh5 12. b4 Nd7 13. Nd2 Nf4 14. Rac1 Nf6 15. c5
Bd7 16. Rfe1 Rc8 17. Bf1 N6h5 18. c6 bxc6 19. Bxa6 Rb8 20. dxc6 Bc8 21. Bxc8
Qxc8 22. Bxf4 Nxf4 23. Nd5 Nxd5 24. exd5 Rxb4 25. Re4 Rb5 26. Qd3 Qb8 27. Rb1
Rxb1+ 28. Nxb1 Qb2 29. g3 Qxa2 30. Rb4 Qa5 31. Qb3 Bf6 32. Kg2 Bd8 33. Nc3 Kg7
34. Ra4 Qc5 35. Ne4 Qc1 36. Rc4 Qa1 37. Ra4 Qe1 38. Nc3 f5 39. Nb5 f4 40. gxf4
exf4 41. Qb2+ Kg8 42. Nd4 Qe5 43. f3 Re8 44. Qd2 Qg5+ 45. Kf1 Qxd5 46. Qxf4 Rf8
47. Qg4 Kh8 48. Ne6 Rxf3+ 49. Kg1 Qd1+ 50. Kg2 Qf1# 0-1

[Event "XI Open A Primavera"]
[Site "Robecchetto con Induno ITA"]
[Date "2014.05.29"]
[Round "7"]
[White "Moroni, Luca"]
[Black "Virgilio, Gianluca"]
[WhiteElo "1862"]
[BlackElo "1787"]
[Result "0-1"]
[PlyCount "46"]
[EventDate "2014.04.10"]

1. d4 Nf6 2. Nf3 g6 3. Bf4 Bg7 4. h3 O-O 5. e3 d5 6. Bd3 c5 7. c3 Nbd7 8. O-O
a6 9. Nbd2 b5 10. Ne5 Bb7 11. Nxd7 Nxd7 12. Nf3 Qb6 13. b4 c4 14. Bc2 a5 15. a3
axb4 16. axb4 Rxa1 17. Qxa1 Ra8 18. Qc1 Qa7 19. Qd2 Qa2 20. Rb1 Nb6 21. Qd1 Ra3
22. Qd2 Na4 23. Bxa4 Qxb1+ 0-1

[Event "XI Open A Primavera"]
[Site "Robecchetto con Induno ITA"]
[Date "2014.05.29"]
[Round "7"]
[White "Pappalardo, Antonio"]
[Black "Macchiettini, Pierangelo"]
[WhiteElo "1783"]
[BlackElo "1685"]
[Result "0-1"]
[PlyCount "78"]
[EventDate "2014.04.10"]

1. d4 d5 2. c4 e6 3. Nc3 Nf6 4. Bg5 c6 5. cxd5 exd5 6. Qc2 Be7 7. e3 Nbd7 8.
Bd3 h6 9. Bh4 O-O 10. Nge2 Re8 11. f3 Nh5 12. Bf2 Bh4 13. g3 Be7 14. O-O-O b5
15. h4 Nb6 16. Rdg1 Nc4 17. g4 Bf6 18. Bxc4 dxc4 19. gxh5 a5 20. e4 a4 21. e5
Be7 22. Qe4 b4 23. Qf4 bxc3 24. Nxc3 Kh8 25. Qxf7 Rg8 26. Qxc4 a3 27. b3 Qf8
28. Qe2 Qf5 29. Ne4 Be6 30. Rd1 Bd5 31. Rd3 Rgf8 32. Be1 Rab8 33. Nd2 Bb4 34.
Qe3 Qe6 35. Kc2 Bxd2 36. Qxd2 Bxf3 37. Rxf3 Rxf3 38. b4 Qxa2+ 39. Kd1 Qb1+ 0-1

[Event "XI Open A Primavera"]
[Site "Robecchetto con Induno ITA"]
[Date "2014.05.29"]
[Round "7"]
[White "Pizzolato, Roberto"]
[Black "Cecchini, Massimo S."]
[WhiteElo "1745"]
[BlackElo "1749"]
[Result "1-0"]
[PlyCount "83"]
[EventDate "2014.04.10"]

1. e4 c6 2. d4 d5 3. exd5 cxd5 4. c4 Nf6 5. Nc3 e6 6. Bg5 Be7 7. Nf3 O-O 8. c5
h6 9. Bh4 Nc6 10. Bb5 Bd7 11. O-O Rc8 12. Re1 a6 13. Bxc6 Bxc6 14. b4 g5 15.
Bg3 Ne8 16. Ne5 Ng7 17. a4 Be8 18. Qc2 Nf5 19. Qd3 Bf6 20. b5 axb5 21. axb5 Ra8
22. b6 Bxe5 23. Bxe5 Bc6 24. Nb5 Qd7 25. Na7 Ne7 26. Bd6 Rfc8 27. Bxe7 Qxe7 28.
Nxc8 Rxc8 29. Ra7 Rd8 30. Rea1 Qf6 31. Qe3 Kg7 32. Ra8 Rd7 33. Rc8 Bb5 34. Raa8
Qf5 35. Qe5+ Qxe5 36. dxe5 Kg6 37. Rc7 Kf5 38. Rxd7 Bxd7 39. Rd8 Bc6 40. Rd6
Bb5 41. c6 Kxe5 42. cxb7 1-0

[Event "XI Open A Primavera"]
[Site "Robecchetto con Induno ITA"]
[Date "2014.05.29"]
[Round "7"]
[White "Ragoso, Mario"]
[Black "Santarelli, Sabatino"]
[WhiteElo "1644"]
[BlackElo "1652"]
[Result "1/2-1/2"]
[PlyCount "111"]
[EventDate "2014.04.10"]

1. e4 c5 2. Nf3 g6 3. d4 Bg7 4. c3 cxd4 5. cxd4 Nc6 6. Nc3 a6 7. a4 d6 8. Be2
Nf6 9. h3 O-O 10. O-O Bd7 11. Be3 Re8 12. d5 Nb4 13. a5 Bb5 14. Qb3 Bxe2 15.
Nxe2 Nbxd5 16. exd5 Qd7 17. Nfd4 Rac8 18. Nc3 Qc7 19. Na4 Qc4 20. Qxb7 Qxd5 21.
Qxa6 Ra8 22. Qe2 Qxa5 23. Nc6 Qa6 24. Qxa6 Rxa6 25. Nb6 Rxa1 26. Rxa1 Ne4 27.
Ra4 Nc5 28. Ra7 Bxb2 29. Nxe7+ Kg7 30. Nbd5 Ne6 31. f4 Bd4 32. Bxd4+ Nxd4 33.
Kf2 Rb8 34. Ke3 Nc2+ 35. Ke4 Re8 36. g4 h6 37. g5 hxg5 38. fxg5 Kf8 39. Rd7 Na3
40. Rxd6 Nc4 41. Rd7 Nd2+ 42. Kf4 Nc4 43. Ke4 Na5 44. Kd4 Nb3+ 45. Kc3 Nc5 46.
Rc7 Ne4+ 47. Kd3 Nxg5 48. h4 Nf3 49. Rc8 Rxc8 50. Nxc8 Nxh4 51. Nd6 f5 52. Ke3
Kg7 53. Kf4 Ng2+ 54. Kg5 Ne1 55. Nxf5+ gxf5 56. Kxf5 1/2-1/2

[Event "XI Open A Primavera"]
[Site "Robecchetto con Induno ITA"]
[Date "2014.05.29"]
[Round "7"]
[White "Rutigliano, Cesare"]
[Black "Torretta, Gilberto"]
[WhiteElo "1657"]
[BlackElo "1651"]
[Result "0-1"]
[PlyCount "120"]
[EventDate "2014.04.10"]

1. e4 e5 2. d4 exd4 3. Qxd4 d6 4. Nc3 Nc6 5. Qe3 Nf6 6. Bd2 Be7 7. h3 Be6 8.
O-O-O Ne5 9. f4 Nc4 10. Bxc4 Bxc4 11. Nf3 c6 12. e5 dxe5 13. fxe5 Nd5 14. Qe4
Nxc3 15. Bxc3 Bd5 16. Qg4 Qb6 17. a3 h5 18. Qxg7 O-O-O 19. Rxd5 cxd5 20. Qxf7
Bxa3 21. bxa3 Qe3+ 22. Kb2 Qb6+ 23. Ka2 Qc6 24. Qf5+ Kb8 25. Qd3 Rc8 26. Bb4
Qxc2+ 27. Qxc2 Rxc2+ 28. Kb1 Rxg2 29. e6 Kc8 30. Rc1+ Kd8 31. e7+ Kd7 32. Ne5+
Ke6 33. Re1 Re8 34. Nc6+ Kd7 35. Nxa7 Rg3 36. Nb5 Rxh3 37. Nd6 Rxe7 38. Rxe7+
Kxe7 39. Nxb7+ Kd7 40. Nc5+ Kc6 41. Ne6 Rh1+ 42. Kc2 h4 43. Nd4+ Kb6 44. Nf3 h3
45. Bd6 Rf1 46. Nh2 Rf2+ 47. Kd3 Kb5 48. Ke3 Rg2 49. Be5 Ka4 50. Bd6 Kb5 51.
Kd4 Kc6 52. Bb8 Ra2 53. Ng4 Rxa3 54. Ne5+ Kb7 55. Ng4 Kxb8 56. Kxd5 Rg3 57. Nf2
h2 58. Ke4 Rg1 59. Kf3 h1=Q+ 60. Nxh1 Rxh1 0-1

[Event "XI Open A Primavera"]
[Site "Robecchetto con Induno ITA"]
[Date "2014.05.26"]
[Round "7"]
[White "Testa, Loris"]
[Black "Ruggeri, Igor"]
[WhiteElo "1930"]
[BlackElo "1622"]
[Result "1-0"]
[PlyCount "123"]
[EventDate "2014.04.10"]

1. e4 c5 2. Nf3 d6 3. d4 cxd4 4. Nxd4 Nf6 5. Nc3 e6 6. Bg5 Be7 7. f4 O-O 8. Qf3
Qb6 9. O-O-O Nc6 10. Ndb5 Rd8 11. g4 a6 12. Na3 Nd4 13. Qd3 e5 14. Bxf6 Bxf6
15. Nd5 Qc5 16. g5 Bxg5 17. fxg5 Bg4 18. Bh3 Be2 19. Qc3 Qxc3 20. bxc3 Bxd1 21.
Rxd1 Nf3 22. Nc4 Nxg5 23. Bg2 b5 24. Nce3 g6 25. h4 Ne6 26. Nf6+ Kh8 27. Ned5
Rac8 28. h5 Nf4 29. Nxf4 exf4 30. h6 Rxc3 31. e5 f3 32. Bf1 f2 33. Rxd6 Rdc8
34. Rd7 Rxc2+ 35. Kd1 R2c7 36. Rd2 Rc1+ 37. Ke2 Re1+ 38. Kxf2 Rxe5 39. Bh3 Rb8
40. Rd7 Rf8 41. Ra7 b4 42. Rxa6 Rb5 43. Ra7 b3 44. axb3 Rxb3 45. Bg2 Rb6 46.
Nd7 Rb2+ 47. Kg3 Rc8 48. Nf6 Rf8 49. Bd5 Rd2 50. Kf4 Rh2 51. Kg5 Rh5+ 52. Nxh5
gxh5 53. Bxf7 Rd8 54. Bxh5 Rf8 55. Bg4 Rg8+ 56. Kh5 Rf8 57. Kh4 Rg8 58. Bf5 Rg2
59. Rxh7+ Kg8 60. Rc7 Kh8 61. h7 Rg7 62. Rc8+ 1-0

[Event "XI Open A Primavera"]
[Site "Robecchetto con Induno ITA"]
[Date "2014.05.29"]
[Round "7"]
[White "Trenti, Alessandro"]
[Black "Giusti, Francesco"]
[WhiteElo "1780"]
[BlackElo "1592"]
[Result "1-0"]
[PlyCount "47"]
[EventDate "2014.04.10"]

1. e4 c5 2. Nf3 Nc6 3. d4 cxd4 4. Nxd4 e5 5. Nb5 Qa5+ 6. N1c3 Nf6 7. Bd2 Qb6 8.
Be3 Qd8 9. Nd6+ Bxd6 10. Qxd6 Qe7 11. Bc5 Qxd6 12. Bxd6 Nd4 13. Bd3 a6 14. Bxe5
Nc6 15. Bd6 b5 16. e5 Nh5 17. Nd5 Ra7 18. O-O Bb7 19. Bc5 Nxe5 20. Nc7+ Kd8 21.
Bxa7 Kxc7 22. Bd4 Nxd3 23. cxd3 Nf4 24. Be5+ 1-0

[Event "XI Open B Primavera"]
[Site "Robecchetto con Induno ITA"]
[Date "2014.04.10"]
[Round "1"]
[White "Koureas, Panicos"]
[Black "Nava, Mario"]
[WhiteElo "1438"]
[BlackElo "1234"]
[Result "0-1"]
[PlyCount "86"]
[EventDate "2014.04.10"]

1. e4 c5 2. g3 Nc6 3. Bg2 Nf6 4. d3 e6 5. Nf3 e5 6. O-O Be7 7. Nbd2 d6 8. h3
O-O 9. Nc4 b5 10. Na3 a6 11. Bg5 h6 12. Be3 Be6 13. Nb1 Qc8 14. Kh2 Nh7 15.
Nbd2 Nd4 16. Ng1 Bg5 17. f4 exf4 18. gxf4 Bf6 19. c3 Nc6 20. Qf3 Bd7 21. Rad1
Rb8 22. Qh5 Be7 23. Nb3 Be6 24. Nc1 b4 25. c4 Nd4 26. Rd2 Nf6 27. Qd1 Bd7 28.
Nce2 Nc6 29. b3 Bd8 30. d4 cxd4 31. Nxd4 Re8 32. Qf3 Nxe4 33. Rd3 Bc7 34. Nge2
Bb6 35. Ng3 Nxd4 36. Nxe4 Nxf3+ 37. Bxf3 Bxe3 38. Rxe3 Bxh3 39. Rg1 Re6 40.
Kxh3 Rxe4+ 41. Bg4 Rxe3+ 42. Rg3 Rxg3+ 43. Kxg3 Qc5 0-1

[Event "XI Open B Primavera"]
[Site "Robecchetto con Induno ITA"]
[Date "2014.04.10"]
[Round "1"]
[White "Vanzini, Mario"]
[Black "Puricelli, Roberto"]
[WhiteElo "1422"]
[BlackElo "1489"]
[Result "0-1"]
[PlyCount "134"]
[EventDate "2014.04.10"]

1. d4 d5 2. c4 dxc4 3. e4 e6 4. Bxc4 Nc6 5. Nf3 Bb4+ 6. Bd2 Bxd2+ 7. Qxd2 Nf6
8. Nc3 O-O 9. O-O-O Re8 10. Qc2 Qe7 11. a3 a6 12. Ng5 h6 13. Nf3 b5 14. d5 Na5
15. Ba2 e5 16. b4 Nc4 17. Bxc4 bxc4 18. Ne2 a5 19. Qxc4 axb4 20. Qxb4 Qxb4 21.
axb4 Nxe4 22. Rhf1 Rb8 23. Nd2 Rxb4 24. f3 Nxd2 25. Rxd2 Bf5 26. Nc3 Rc4 27.
Rc2 Bxc2 28. Kxc2 Rd8 29. Rd1 c6 30. Kb3 Rxc3+ 31. Kxc3 cxd5 32. Re1 Rc8+ 33.
Kd3 f6 34. g3 g5 35. g4 Kf7 36. h3 Ke6 37. Ra1 Rc6 38. Ra8 d4 39. Rh8 Rc3+ 40.
Ke2 Rc2+ 41. Kd3 Rf2 42. Ke4 d3 43. Ke3 d2 44. Rd8 Rh2 45. Rxd2 Rxh3 46. Ra2 h5
47. Ra6+ Kf7 48. Ra7+ Kg6 49. gxh5+ Rxh5 50. Ra8 Kf5 51. Ra4 Rh4 52. Ra1 g4 53.
Rf1 Rh3 54. Ke2 Rxf3 55. Rh1 Kf4 56. Rh4 f5 57. Rh1 e4 58. Ra1 g3 59. Rh1 Rf2+
60. Ke1 Kf3 61. Rh3 f4 62. Rh1 e3 63. Rg1 Ra2 64. Rf1+ Ke4 65. Kd1 e2+ 66. Ke1
exf1=Q+ 67. Kxf1 f3 0-1

[Event "XI Open B Primavera"]
[Site "Robecchetto con Induno ITA"]
[Date "2014.04.17"]
[Round "2"]
[White "Garcia Rubi, Juan"]
[Black "Vanzini, Mario"]
[WhiteElo "1413"]
[BlackElo "1422"]
[Result "1-0"]
[PlyCount "131"]
[EventDate "2014.04.10"]

1. e4 Nc6 2. Nf3 Nf6 3. Nc3 a6 4. d4 e6 5. Bg5 Be7 6. Bd3 h6 7. Bxf6 Bxf6 8. e5
Be7 9. Ne2 b5 10. c3 Bb7 11. Qc2 b4 12. O-O a5 13. a4 bxc3 14. bxc3 O-O 15.
Rab1 Ba6 16. Bxa6 Rxa6 17. Rb3 f6 18. Qe4 f5 19. Qd3 Ra8 20. Nf4 Qe8 21. Rfb1
g5 22. Ne2 Qh5 23. Ng3 Qf7 24. h3 d6 25. Rb7 Rac8 26. Qa6 Qe8 27. Qc4 d5 28.
Qd3 Nd8 29. R7b5 Ra8 30. c4 Bb4 31. cxd5 c6 32. dxc6 Nxc6 33. d5 Rd8 34. Qc4
exd5 35. Rxd5 Rf7 36. Rbd1 Rxd5 37. Qxd5 Kh8 38. e6 Rf6 39. Qd7 Rxe6 40. Qxe8+
Rxe8 41. Nxf5 Kh7 42. g4 Ne5 43. Nxe5 Rxe5 44. Rd7+ Kg6 45. Rg7+ Kf6 46. Rh7
Kg6 47. Rxh6+ Kf7 48. Kg2 Re1 49. Nd6+ Kg7 50. Nf5+ Kf7 51. h4 gxh4 52. Nxh4
Ra1 53. g5 Rxa4 54. Nf3 Kg7 55. Kg3 Bd6+ 56. Rxd6 Rb4 57. Nd4 a4 58. Nf5+ Kf8
59. Ra6 Rb3+ 60. Kg4 Ra3 61. Nd4 Ra1 62. Kf5 a3 63. Kf6 Ke8 64. Ne6 a2 65. Ra7
Rf1 66. Re7# 1-0

[Event "XI Open B Primavera"]
[Site "Robecchetto con Induno ITA"]
[Date "2014.04.17"]
[Round "2"]
[White "Puricelli, Roberto"]
[Black "Sartorio, Alessandro"]
[WhiteElo "1489"]
[BlackElo "1339"]
[Result "1-0"]
[PlyCount "93"]
[EventDate "2014.04.10"]

1. e4 e5 2. Nf3 Nf6 3. d3 Nc6 4. Bg5 Be7 5. Nc3 O-O 6. Be2 Bb4 7. O-O h6 8.
Bxf6 Qxf6 9. Nd5 Qd6 10. a3 Bc5 11. c3 Ne7 12. b4 Bb6 13. c4 c5 14. b5 Nxd5 15.
cxd5 Qf6 16. Nd2 d6 17. Nc4 Bd7 18. a4 Rfe8 19. Bg4 Bxg4 20. Qxg4 g6 21. f4 h5
22. Qg3 exf4 23. Qxf4 Qd4+ 24. Kh1 Rf8 25. Rad1 Bc7 26. a5 a6 27. b6 Bd8 28.
Nxd6 f5 29. exf5 Qxd5 30. Qc4 Qxc4 31. dxc4 Rf6 32. fxg6 Rxg6 33. Rfe1 Bg5 34.
Nxb7 Rf8 35. g3 Rgf6 36. Nxc5 Rf2 37. Ne4 R2f5 38. Nxg5 Rxg5 39. Rc1 Rxa5 40.
c5 Rf7 41. Re5 Rb7 42. Rxh5 Rb5 43. Rh4 Rb2 44. c6 R7xb6 45. c7 Rf6 46. c8=Q+
Kg7 47. Qh8+ 1-0

[Event "XI Open B Primavera"]
[Site "Robecchetto con Induno ITA"]
[Date "2014.04.24"]
[Round "3"]
[White "Koureas, Panicos"]
[Black "Frignani, Alessandro"]
[WhiteElo "1438"]
[BlackElo "1409"]
[Result "0-1"]
[PlyCount "94"]
[EventDate "2014.04.10"]

1. e4 e5 2. Nf3 Qf6 3. d4 exd4 4. Bc4 h6 5. O-O c5 6. e5 Qc6 7. Re1 b5 8. Bd3
Bb7 9. Nbd2 Na6 10. Ne4 O-O-O 11. Ng3 g6 12. Qe2 Nc7 13. c3 dxc3 14. bxc3 a6
15. Be4 Qb6 16. Rb1 Bxe4 17. Qxe4 Qb7 18. Qf4 Rh7 19. a4 b4 20. cxb4 cxb4 21.
Ba3 a5 22. Nd4 Kb8 23. Nge2 Ka8 24. Qd2 Qd5 25. Bb2 Bg7 26. Nf4 Qb7 27. Nd3 Qd5
28. Nb3 Qxb3 29. Nf4 Qxa4 30. Ra1 Qb5 31. Qd6 Ne6 32. Nd5 Bf8 33. Nb6+ Kb7 34.
Qd5+ Kxb6 35. Qe4 Bc5 36. Red1 Ne7 37. Bc1 Qc6 38. Qc4 Bxf2+ 39. Kxf2 Qxc4 40.
Rd6+ Kb5 41. Be3 Nd5 42. Rc1 Qa2+ 43. Kf3 Nxe3 44. Kxe3 Qa3+ 45. Kd2 Qb2+ 46.
Kd1 Qxe5 47. Rc2 Qxd6+ 0-1

[Event "XI Open B Primavera"]
[Site "Robecchetto con Induno ITA"]
[Date "2014.04.24"]
[Round "3"]
[White "Sartorio, Alessandro"]
[Black "Garcia Rubi, Juan"]
[WhiteElo "1339"]
[BlackElo "1413"]
[Result "0-1"]
[PlyCount "78"]
[EventDate "2014.04.10"]

1. e4 c5 2. c4 g6 3. Nc3 Bg7 4. Nf3 d6 5. d4 cxd4 6. Nxd4 a6 7. Bd3 e6 8. Nf3
Nc6 9. O-O Nge7 10. Re1 O-O 11. Bg5 Qc7 12. Nd5 exd5 13. exd5 Ne5 14. c5 dxc5
15. Bf4 Nxf3+ 16. Qxf3 Qd7 17. d6 Nc6 18. Re2 Nd4 19. Qd5 Nxe2+ 20. Bxe2 Qe6
21. Bc4 Qxd5 22. Bxd5 Ra7 23. Re1 b6 24. Bc6 Bf6 25. Bh6 Rd8 26. Rd1 Be5 27. d7
Rdxd7 28. Bxd7 Rxd7 29. Rxd7 Bxd7 30. a3 Bxb2 31. a4 Bxa4 32. Kf1 c4 33. Ke1 c3
34. Ke2 Bc2 35. Ke3 a5 36. Kd4 a4 37. Bc1 Bxc1 38. Kxc3 Bb3 39. g3 Bd1 0-1

[Event "XI Open B Primavera"]
[Site "Robecchetto con Induno ITA"]
[Date "2014.04.24"]
[Round "3"]
[White "Vanzini, Mario"]
[Black "Nava, Mario"]
[WhiteElo "1422"]
[BlackElo "1234"]
[Result "1-0"]
[PlyCount "67"]
[EventDate "2014.04.10"]

1. d4 d5 2. c4 dxc4 3. e4 e5 4. Bxc4 Nc6 5. d5 Nd4 6. Be3 Bb4+ 7. Nc3 Nf6 8.
Bxd4 exd4 9. Qxd4 Bxc3+ 10. bxc3 O-O 11. Ne2 Re8 12. f3 h6 13. O-O c6 14. d6
Nd7 15. e5 Nxe5 16. Rad1 Nxc4 17. Qxc4 Bd7 18. Ng3 Qf6 19. Nh5 Qe5 20. Nf4 Qe3+
21. Kh1 Qe5 22. Ng6 Qf6 23. Ne7+ Kh8 24. Rfe1 Rad8 25. a3 Bf5 26. Rd4 Rxd6 27.
Ng6+ Qxg6 28. Rxe8+ Kh7 29. Rxd6 Qxd6 30. h3 Be6 31. Qb4 Qd1+ 32. Kh2 Qc1 33.
Qe4+ g6 34. Qe5 1-0

[Event "XI Open B Primavera"]
[Site "Robecchetto con Induno ITA"]
[Date "2014.04.28"]
[Round "4"]
[White "Frignani, Alessandro"]
[Black "Puricelli, Roberto"]
[WhiteElo "1409"]
[BlackElo "1489"]
[Result "0-1"]
[PlyCount "122"]
[EventDate "2014.04.10"]

1. e4 e6 2. d4 d5 3. e5 c5 4. Nf3 a6 5. c3 Nc6 6. Nbd2 cxd4 7. cxd4 Qb6 8. Nb3
Bb4+ 9. Bd2 Nge7 10. Bxb4 Qxb4+ 11. Qd2 Qxd2+ 12. Kxd2 O-O 13. Bd3 Ng6 14. g3
b6 15. a3 Bd7 16. Rac1 f6 17. Bxg6 hxg6 18. Ke3 fxe5 19. Nxe5 Nxe5 20. dxe5
Rac8 21. f4 Kf7 22. Rc3 Rxc3+ 23. bxc3 Rc8 24. Rc1 Rc4 25. Nd2 Ra4 26. Ra1 a5
27. h4 b5 28. Kd3 b4 29. Nb1 b3 30. Ke3 Re4+ 31. Kf2 Bb5 32. a4 Rxa4 33. Rxa4
Bxa4 34. Ke3 Bb5 35. Kd2 a4 36. Kc1 Ke7 37. Kb2 Kd7 38. Ka3 Kc7 39. Kb4 Bd7 40.
Kc5 Kb7 41. Kd6 Bc8 42. Ke7 Kb6 43. Kf8 Ba6 44. Kxg7 Kc5 45. Kf6 Bd3 46. Na3 b2
47. Kxe6 b1=Q 48. Nxb1 Bxb1 49. g4 a3 50. Kd7 a2 51. e6 a1=Q 52. e7 Qa7+ 53.
Ke6 Qb8 54. h5 gxh5 55. gxh5 Qe8 56. h6 Kc4 57. f5 Bxf5+ 58. Kxf5 Qxe7 59. Kg6
Kxc3 60. h7 Qxh7+ 61. Kxh7 d4 0-1

[Event "XI Open B Primavera"]
[Site "Robecchetto con Induno ITA"]
[Date "2014.04.28"]
[Round "4"]
[White "Nava, Mario"]
[Black "Sartorio, Alessandro"]
[WhiteElo "1234"]
[BlackElo "1339"]
[Result "0-1"]
[PlyCount "80"]
[EventDate "2014.04.10"]

1. Nf3 d6 2. d4 g6 3. c4 Bg7 4. Nc3 Nf6 5. h3 O-O 6. e4 Nbd7 7. Be2 Re8 8. O-O
b6 9. Bd2 Bb7 10. Bd3 c5 11. d5 e6 12. Qc1 exd5 13. cxd5 Ne5 14. Nh2 Nxd3 15.
Qc2 c4 16. b3 Ba6 17. Rfd1 Nc5 18. Be3 Ncxe4 19. Bd4 Nxc3 20. Bxc3 cxb3 21.
axb3 Bb7 22. Qb2 b5 23. Rd3 b4 24. Bxb4 Nxd5 25. Bc3 Nxc3 26. Rxc3 Bxc3 27.
Qxc3 Rc8 28. Qb2 Re6 29. Ng4 Be4 30. Nh6+ Kf8 31. Qh8+ Ke7 32. Rxa7+ Rc7 33.
Rxc7+ Qxc7 34. Qxh7 Qc1+ 35. Kh2 Qf4+ 36. Kg1 Bd3 37. Ng8+ Kd7 38. g3 Re1+ 39.
Kg2 Be4+ 40. f3 Qd2# 0-1